000 00582nam a22001937a 4500
005 20251108175748.0
008 250721s2014 xx 000 0 ara d
082 1 4 _aط/ق/هار
100 1 _aهارغريفز، روجر
_eمؤلف
245 1 0 _aالانسة اشراقة /
264 1 _aبيروت :
_bهاشيت،
_c2014.
300 _a)30(ص.
650 1 7 _aادب الاطفال
650 1 7 _aالقصص القصيرة
653 _aاطفال مرحلة متوسطة (6-9) سنوات
700 1 _aغصن، غسان
_eمترجم
942 _2ddc
_cBK
999 _c141772
_d141772